000 00894cam a22002771a 4500
001 gs 64000283
003 DLC
005 20260227111414.0
008 780812s1964 dcuab b f001 0 eng
010 _ags 64000283
035 _a(OCoLC)4130962
040 _aDLC
_cOClU
_dDNAL
_dDLC
042 _apremarc
050 0 0 _aQE75
_b.B9 no. 1153
070 0 _a407
_bG29B no.1153
072 0 _aX400
100 1 _aCressman, Earle Rupert,
_d1923-
245 1 0 _aGeology of the Georgetown Canyon-Snowdrift Mountain area, southeastern Idaho /
_cby Earle R. Cressman.
260 _aWashington, [D.C.] :
_bU.S. G.P.O.,
_c1964.
300 _av, 105 p. :
_bill., maps (some col.) ;
_c24 cm.
440 0 _aGeological Survey bulletin ;
_v1153
500 _aSeven folded leaves in pocket.
504 _aBibliography: p. 90-102.
500 _aIncludes index.
650 0 _aGeology
_zIdaho
_zPeale Mountains.
999 _c29872
_d29872